DEUTSCH INTERESSANT 2 (Record no. 10965)
[ view plain ]
| 000 -LEADER | |
|---|---|
| fixed length control field | 00234nam a22000857a 4500 |
| 008 - FIXED-LENGTH DATA ELEMENTS--GENERAL INFORMATION | |
| fixed length control field | 180703b ||||| |||| 00| 0 eng d |
| 100 ## - MAIN ENTRY--PERSONAL NAME | |
| Personal name | Aneja, P L |
| 9 (RLIN) | 6767 |
| 245 ## - TITLE STATEMENT | |
| Title | DEUTSCH INTERESSANT 2 |
| 260 ## - PUBLICATION, DISTRIBUTION, ETC. (IMPRINT) | |
| Place of publication, distribution, etc. | New Delhi |
| Name of publisher, distributor, etc. | Indo bonn Publication |
| Date of publication, distribution, etc. | 2001 |
| Withdrawn status | Lost status | Source of classification or shelving scheme | Damaged status | Koha normalized classification for sorting | Not for loan | Home library | Current library | Shelving location | Date acquired | Total Checkouts | Full call number | Barcode | Date last seen | Price effective from | Koha item type |
|---|---|---|---|---|---|---|---|---|---|---|---|---|---|---|---|
| Dewey Decimal Classification | ANE_430_000000000000000_B6 | Good Samaritan School Library | Good Samaritan School Library | German | 07/03/2018 | ANE430 B-6 | ANE3317 | 07/03/2018 | 07/03/2018 | BOOK |